000 00805nam a2200229 i 4500
001 39574
003 ES-MaACL
005 20230906160031.0
007 t|
008 030303s1967 sp 0011p spa d
080 _a821.134.2-14(082.2)
245 0 0 _aCancionero de romances :
_b(Anvers, 1550) /
_cedición, estudio, bibliografía e índices por Antonio Rodríguez-Moñino.
260 _aMadrid :
_bCastalia,
_c1967.
300 _a333 p. ;
_c24 cm.
490 1 _aColección de romanceros de los siglos de oro ;
_v1
650 4 _aRomances-
_zEspaña.
_916935
700 1 _aRodríguez-Moñino, Antonio.
_998681
830 1 _aColección de romanceros de los siglos de oro ;
_v1
_9181806
852 4 _aES-MaACL
_jE-8131
852 4 _aES-MaACL
_jP-1417-1
_z- Enc. tela verde
999 _c39574
_d39574